000 00404nam a2200169Ia 4500
001 30354
003 IN-NITTTR
005 20251114233410.0
008 251113s9999||||xx |||||||||||||| ||eng||
040 _beng
040 _cIN-NITTTR
041 _aeng
082 _a928.2 V43P
100 _aVerma, Jitinder
245 0 _aPramukh suffi sant kavi aur unki rachnaye /
_cVerma, Jitinder
942 _2ddc
_cBK
999 _c32982
_d32982